000 00555nam a2200205 a 4500
001 17466
003 CO-ViMGA
008 141112s2004 ck r 000 u spa d
020 _a77229376
040 _aCO-ViMGA
_bspa
_cCO-ViMGA
082 0 4 _aCASp
100 1 _aBalanya, Ismael
_924777
245 1 0 _aEl caso de las palmeras exóticas y seis casos más
260 _aBarcelona (España),
_cTimun Mas,
_c1992
300 _a115.p.
490 _aResuelve el misterio
650 1 4 _aADIVINANZAS
_9960
650 1 4 _aJUEGOS INFANTILES
_910241
942 _2ddc
_cBK
999 _c26988
_d26988